[Event "Central FR-chT"]
[Site "Verkhnedneprovsk"]
[Date "2006.12.03"]
[Round "3"]
[White "Kozij, Oleg L"]
[Black "Shalimov, Valery"]
[Result "1/2-1/2"]
[WhiteElo "2250"]
[BlackElo "2412"]
[PlyCount "52"]
[EventDate "2006.11.30"]
[EventType "team-tourn"]
[EventRounds "7"]
[EventCountry "RUS"]
[SourceTitle "EXT 2019"]
[Source "ChessBase"]
[SourceDate "2018.10.10"]
[SourceVersion "1"]
[SourceVersionDate "2018.10.10"]
[SourceQuality "1"]

1. c4 c5 2. Nf3 g6 3. d4 cxd4 4. Nxd4 Bg7 5. Nc3 Nc6 6. e3 Nf6 7. Be2 0-0 8. 0-0 d6 9. b3 Nxd4 10. exd4 a6 11. Be3 Bd7 12. Rc1 Qa5 13. Qd2 Rfe8 14. Rfd1 Rac8 15. Nd5 Qxd2 16. Nxf6+ Bxf6 17. Rxd2 h5 18. h3 Kg7 19. b4 e6 20. Rb1 Rc7 21. c5 dxc5 22. dxc5 Bc6 23. b5 Bxb5 24. Bxb5 axb5 25. Rxb5 Ra8 26. g3 Ra3 1/2-1/2